|
|
|
|
| LEADER |
00912nam a22002177a 4500 |
| 003 |
GR-PaULI |
| 005 |
20210525114704.0 |
| 007 |
ta |
| 008 |
190917b - f|||f |||| 00| 0 eng d |
| 952 |
|
|
|0 0
|1 0
|2 lcc
|4 0
|6 QA0055 B R U
|7 1
|9 235158
|a MEDI
|b MEDI
|c DON
|d 2019-09-17
|i 1344
|l 0
|o QA55 BRU
|p 025000175595
|r 2019-09-17 00:00:00
|t 1
|v 2019.00
|w 2019-09-17
|y BKN
|z Δωρεά Β. Βαλαώρα (αίθουσα δωρεών)
|
| 999 |
|
|
|c 142522
|d 142522
|
| 040 |
|
|
|a GR-PaULI
|b gre
|c GR-PaULI
|e AACR2
|
| 060 |
|
|
|a QA55
|
| 100 |
1 |
|
|9 177877
|a Bruhns, C.,
|d 1830-1881
|e επιμελητής
|
| 245 |
1 |
2 |
|a A new manual of algorithms to seven places of decimals /
|c edited by Dr. Bruhns.
|
| 250 |
|
|
|a Eighteenth stereotype edition
|
| 260 |
|
|
|a Princeton :
|b D. Van Nostrand Company, Inc.,
|c [χ.χ.].
|
| 300 |
|
|
|a xxiii, 610 σ. :
|b πίν. ;
|c 24 εκ.
|
| 650 |
|
4 |
|a Λογάριθμοι
|9 35150
|
| 942 |
|
|
|2 lcc
|c BKN
|
| 998 |
|
|
|c ΜΑΝΙΑΚΗ
|d 2019
|